000 00483nam a2200193 a 4500
001 1754899567866
003 ACL
005 20250811133835.0
008 250811s2005##################000#0#eng##
020 _a9788175962507
082 0 4 _a954.0312
_bCOO
100 1 _aCooper,
_eauthor.
245 1 0 _aThe Anglo-Maratha Campaigns and the Contest for India :
260 _c2005.
300 _a437 pages
650 0 _aMaratha War, 1803.
942 _cENGLISH
040 _aACL
_beng
_cACL
999 _c580063
_d580063